L'experiència del Sanatori de l'Esperit Sant en la bacil·lèmia tuberculosa del mètode de Löwenstein / per J.M. Barjau
Descripción Física:
10 p. ; 24 cm
MARC
| LEADER | 00000nam a2200000Ia 4500 | ||
|---|---|---|---|
| 001 | 16474 | ||
| 008 | 160829s1935 xx 000 0 cat d | ||
| 080 | |a RF-14-82 | ||
| 100 | |a Barjau, Josep M. |9 43548 | ||
| 245 | |a L'experiència del Sanatori de l'Esperit Sant en la bacil·lèmia tuberculosa del mètode de Löwenstein / per J.M. Barjau | ||
| 260 | |a Barcelona : |b (Gráficas Romestre), |c 1935 | ||
| 300 | |a 10 p. ; |c 24 cm | ||
| 590 | |a A la part inferior de la coberta: Publicat a 'Annals de Medicina' agost de 1935. | ||
| 590 | |a Prové de 2891, exp. personal del Dr. Josep M. Barjau | ||
| 650 | |a Löwenstein, mètode de |9 47001 | ||
| 650 | |a Tuberculosi |9 46771 | ||
| 650 | |a Bacils |9 47002 | ||
| 856 | 4 | |u https://media.diba.cat/diba/fitxers/arxiu/fulletons/bib_16474_1935_baixa.pdf |y Accés lliure | |
| 856 | 4 | |u https://media.diba.cat/diba/fitxers/arxiu/fulletons/bib_16474_1935_baixa.pdf |y Accés lliure | |
| 901 | |a Arxiu | ||
| 942 | |n 1 |2 udc | ||
| 952 | |0 0 |1 0 |4 0 |6 RF1482 |7 1 |9 53590 |a Arxiu |b Arxiu |d 2016-12-01 |l 0 |o RF-14-82 |p 16474 |r 2016-12-01 00:00:00 |w 2016-12-01 |y ARXIU | ||
| 999 | |c 57456 |d 57456 | ||
| 900 | |a bib_16474_1935_baixa.pdf | ||